000 00522 a2200169 4500
999 _c3151
_d3151
020 _a9780797485747
050 _aK3904 MUC 2018
100 _aMucheche, Caleb H.
_eauthor
245 _aMining and exploration law in Zimbabwe
_cCaleb H. Mucheche
250 _a1st ed.
264 _aHarare , Zimbabwe :
_bAfrican Legal Resources Dominion,
_c2018
300 _ax, 73p. :
500 _aIncludes bibliographical references and index
650 _aMIning law --
651 _aZimbabwe
942 _2lcc
_cBK
_e1st ed.
_h3904
_iMUC
_kk